Revista jurídica de Buenos Aires : derecho de aguas y derecho ambiental /
Guardado en:
| Otros Autores: | , |
|---|---|
| Formato: | Libro |
| Idioma: | Spanish |
| Publicado: |
Buenos Aires :
Abeledo Perrot; Departamento de publicaciones UBA,
2016.
|
| Materias: | |
| Etiquetas: |
Agregar Etiqueta
Sin Etiquetas, Sea el primero en etiquetar este registro!
|
| LEADER | 00647nam a22001815a 4500 | ||
|---|---|---|---|
| 001 | DER.der013210 | ||
| 008 | 180615s2010####ag#||||||||||||||#||spa|| | ||
| 005 | 20240315092843.0 | ||
| 245 | 1 | 0 | |a Revista jurídica de Buenos Aires : |b derecho de aguas y derecho ambiental / |c Clara M. Minaverry. |
| 260 | |a Buenos Aires : |b Abeledo Perrot; Departamento de publicaciones UBA, |c 2016. | ||
| 300 | |a 292 p. | ||
| 022 | |a 03267431 | ||
| 700 | 1 | |a Minaverry, Clara M., |e coord. | |
| 700 | 1 | |a Echaide, Javier, |e coord. | |
| 650 | 7 | |a DERECHO AMBIENTAL | |
| 650 | 7 | |a REGIMEN JURIDICO AMBIENTAL | |
| 650 | 7 | |a DERECHO HUMANO AL AGUA | |
| 859 | |a DERECHO |b BIB. DERECHO |h 341.762 |i MIN |p 008126 | ||
